000 00541nam a2200169Ia 4500
008 090201s9999 xx 000 0 und d
010 _aKPL-55054
040 _bमराठी
041 _aमराठी
082 _a39564
_b55054
100 _aसौ. विजया जाहगीरदार
245 _aकालचक्र
_cसौ. विजया जाहगीरदार
260 _c2004
_bसुयोग प्रकाशन
300 _a118
_bमोठा
600 _aकालचक्र
942 _cBOOK
999 _c236879
_d236879